000 00363 a2200109 4500
001 ART_21380
005 20260410161916.0
008 260409a
245 1 0 _aContratos laborales que coexisten en la explotación
100 1 _aLivellara, Carlos Alberto
773 0 _tRevista de Derecho laboral y seguridad social
_g- Nº 3 (feb. 2013)
_wREV13556
999 _c27251
_d27251